| 000 | 01685nam a22004217a 4500 | ||
|---|---|---|---|
| 003 | CHAP | ||
| 005 | 20250813125459.0 | ||
| 008 | 100503s2009 mx r 00010 spa d | ||
| 010 | _a98325 | ||
| 011 | _a99297 | ||
| 035 | _a109983 | ||
| 040 | _cCHAP | ||
| 090 | _aTesis | ||
| 100 | 1 |
_aRodríguez Trejo, José Luis. _998939 |
|
| 245 | 1 | 0 |
_aControl de Diaphorina citri Kuwayama (Hemiptera: Psyllidae) con insecticidas de diferente modo de acción en el cultivo de naranja valenciana en el Edo. de Morelos _c/por José Luís Rodríguez Trejo |
| 260 |
_aChapingo, Méx. : _bEl autor, _c2009 |
||
| 300 |
_axvi, 113 h. : _bcuadros, gráfs. |
||
| 502 | _aTesis (M.C. en Protección Vegetal) -- UACH. Departamento de Parasitología Agrícola | ||
| 530 | _aTambién disponible en línea | ||
| 590 |
_aALEPH _b10 _c20130110 _lUCH01 _h1534 |
||
| 590 |
_aBATCH-UPD _b10 _c20130110 _lUCH01 _h0930 |
||
| 590 |
_aBATCH-UPD _b10 _c20130410 _lUCH01 _h0550 |
||
| 590 |
_aBATCH-UPD _b10 _c20130914 _lUCH01 _h0900 |
||
| 590 |
_aBATCH-UPD _b10 _c20140324 _lUCH01 _h1516 |
||
| 590 |
_aBATCH-UPD _b10 _c20141002 _lUCH01 _h0843 |
||
| 590 |
_aCONVERSION _b10 _c20130109 _lUCH01 _h1354 |
||
| 650 | 1 | 4 |
_aCatharanthus roseus. _920511 |
| 650 | 1 | 4 |
_aControl biológico de plagas. _927587 |
| 650 | 1 | 4 |
_aDiaphorina citri _932420 |
| 650 | 1 | 4 |
_aInsecticidas _xAplicación. _958857 |
| 650 | 1 | 4 |
_aNaranja _xMorelos. _980178 |
| 856 |
_3Finding aid _uhttp://10.13.5.2/tesis/109983.pdf _zTeclea aqui |
||
| 901 | _aBK | ||
| 911 | _aen proceso | ||
| 942 | _cFOLL | ||
| 949 |
_aTesis _bBC _cTES _d33724002097678 _eTS2 _fc.2 _gDonaciØn _h50448 _i109983 _sb |
||
| 949 |
_aTesis _bBC _cTES _d33724002115231 _eTS1 _gDonaciØn _h50447 _i109983 _sb |
||
| 999 |
_c98325 _d98325 |
||